Study Guide to accompany statistical techniques in business & economics / (Record no. 13133)

MARC details
000 -LEADER
fixed length control field 01458nac a22003491i 4500
003 - CONTROL NUMBER IDENTIFIER
control field EG-ScBUE
005 - DATE AND TIME OF LATEST TRANSACTION
control field 20241118101614.0
008 - FIXED-LENGTH DATA ELEMENTS--GENERAL INFORMATION
fixed length control field 100116t2002 maua f 000 0 eng d
020 ## - INTERNATIONAL STANDARD BOOK NUMBER
International Standard Book Number 0072481633
020 ## - INTERNATIONAL STANDARD BOOK NUMBER
International Standard Book Number 9780072481631
040 ## - CATALOGING SOURCE
Original cataloging agency EG-ScBUE
Language of cataloging eng
Description conventions rda
Transcribing agency EG-ScBUE
Modifying agency EG-ScBUE
082 04 - DEWEY DECIMAL CLASSIFICATION NUMBER
Classification number 519.5
Item number LIN
Edition number 22
100 1# - MAIN ENTRY--PERSONAL NAME
Personal name Lind, Douglas A.,
Relator term author.
9 (RLIN) 10357
245 10 - TITLE STATEMENT
Title Study Guide to accompany statistical techniques in business & economics /
Statement of responsibility, etc Douglas A. Lind, Coastal Carolina University, William G. Marchal, The University of Toledo, Robert D. Mason, Late of The University of Toledo ; prepared by Walter H. Lange, The University of Toledo.
246 30 - VARYING FORM OF TITLE
Title proper/short title Statistical techniques in business and economics
264 #1 - PUBLICATION, DISTRIBUTION, ETC. (IMPRINT)
Place of publication, distribution, etc Boston :
Name of publisher, distributor, etc McGraw-Hill,
Date of publication, distribution, etc [2002]
264 #4 - PUBLICATION, DISTRIBUTION, ETC. (IMPRINT)
Date of publication, distribution, etc c2002
300 ## - PHYSICAL DESCRIPTION
Extent 408 pages :
Other physical details illustrations ;
Dimensions 26 cm.
336 ## - CONTENT TYPE
Source rdacontent
Content type term text
Content type code txt
337 ## - MEDIA TYPE
Media type term unmediated
Source rdamedia
Media type code n
338 ## - CARRIER TYPE
Carrier type term volume
Carrier type code nc
Source rdacarrier
490 0# - SERIES STATEMENT
Series statement McGraw-Hill/Irwin series. Operations and decision sciences
500 ## - GENERAL NOTE
General note Includes Appendices.<br/>
650 #7 - SUBJECT ADDED ENTRY--TOPICAL TERM
Topical term or geographic name as entry element Social sciences
General subdivision Statistical methods.
Source of heading or term BUEsh
9 (RLIN) 10358
650 #7 - SUBJECT ADDED ENTRY--TOPICAL TERM
Topical term or geographic name as entry element Mathematical statistics.
Source of heading or term BUEsh
9 (RLIN) 7173
650 #7 - SUBJECT ADDED ENTRY--TOPICAL TERM
Topical term or geographic name as entry element Commercial statistics.
Source of heading or term BUEsh
9 (RLIN) 10359
655 ## - INDEX TERM--GENRE/FORM
Form subdivision Reading book
700 1# - ADDED ENTRY--PERSONAL NAME
Personal name Marchal, William G.,
Relator term author.
9 (RLIN) 10360
700 1# - ADDED ENTRY--PERSONAL NAME
Personal name Mason, Robert Deward,
Dates associated with a name 1919-
Relator term author.
9 (RLIN) 10361
700 1# - ADDED ENTRY--PERSONAL NAME
Personal name Lange, Walter H.,
Relator term author.
942 ## - ADDED ENTRY ELEMENTS (KOHA)
Koha item type Book - Borrowing
Source of classification or shelving scheme Dewey Decimal Classification
Holdings
Withdrawn status Lost status Source of classification or shelving scheme Damaged status Not for loan Collection code Home library Current library Shelving location Date acquired Source of acquisition Total Checkouts Total Renewals Full call number Barcode Date last seen Date checked out Price effective from Koha item type
    Dewey Decimal Classification     Alahram Central Library Central Library First floor 16/01/2010 Purchase 2 13 519.5 LIN 000019238 15/07/2025 06/03/2019 16/01/2010 Book - Borrowing